| 000 | 00745nam a2200241 i 4500 | ||
|---|---|---|---|
| 001 | 17049 | ||
| 003 | ES-MaACL | ||
| 005 | 20240229063304.0 | ||
| 007 | t| | ||
| 008 | 001218s1999 sp ||||1| spa d | ||
| 020 | _a84-339-3006-0 | ||
| 080 | _a821.112.2(436)-32"19" | ||
| 100 | 0 |
_aRoth, Joseph, _d1894-1939 _999952 |
|
| 245 | 1 | 3 |
_aLa leyenda del Santo Bebedor / _cJoseph Roth ; traducción de Michael Faber-Kaiser. |
| 250 | _a6ª ed. | ||
| 260 |
_aBarcelona : _bAnagrama, _c[1999] |
||
| 300 |
_a92 p. ; _c20 cm. |
||
| 490 | 1 |
_aPanorama de narrativas ; _v6 |
|
| 700 | 0 |
_aFaber-Kaiser, Michael. _948510 |
|
| 830 | 0 | 0 |
_aPanorama de narrativas _v6 _9123642 |
| 852 |
_aES-MaACL _jL-24048 _bR.129108 |
||
| 999 |
_c17049 _d17049 |
||